Old Goriot

সংরক্ষণ করুন:
গ্রন্থ-পঞ্জীর বিবরন
প্রধান লেখক: Honoré de Balzac
বিন্যাস: গ্রন্থ
ভাষা:Undetermined
প্রকাশিত: London Everyman's Library 1991
বিষয়গুলি:
ট্যাগগুলো: ট্যাগ যুক্ত করুন
কোনো ট্যাগ নেই, প্রথমজন হিসাবে ট্যাগ করুন!
Thư viện lưu trữ: Trung tâm Học liệu Trường Đại học Cần Thơ
LEADER 00513nam a2200181Ia 4500
001 CTU_40080
008 210402s9999 xx 000 0 und d
082 |a 843.8 
082 |b B197o. 
100 |a Honoré de Balzac 
245 0 |a Old Goriot 
245 0 |c Honoré de Balzac 
260 |a London 
260 |b Everyman's Library 
260 |c 1991 
650 |a french fiction - 19th century,french literature - 19th century 
904 |i Minh, 001222 
980 |a Trung tâm Học liệu Trường Đại học Cần Thơ